00596nam a22001937a 450000500170000001000130001702000100003003500130004003700160005304000120006908200160008110000180009724501070011526000440022227000500026630000240031665000360034065000260037620170124110056.0 aA-712333 c00.00 aA-712333 bCen Lib/Ret aDPLbEN a954.57bSEM aSema, Hokishe aEmergence of Nagaland :cby Hokishe Semabsocio-economic and political transformation and the future / aNew DelhibVikas Publishing Housec1986 a5, Ansari Road, Darya GanjbNew Delhie110002 axiv,272p.c22cm(Hb) aNāgāland (India) -- History aIndia -- Nāgāland